Two kings of Uganda or life by the shores of Victoria Nyanza. (Record no. 12513)
[ view plain ]
| 000 -LEADER | |
|---|---|
| fixed length control field | 00636nam a22002052 4500 |
| 001 - CONTROL NUMBER | |
| control field | 0000001200 |
| 005 - DATE AND TIME OF LATEST TRANSACTION | |
| control field | 20151217155808.0 |
| 008 - FIXED-LENGTH DATA ELEMENTS--GENERAL INFORMATION | |
| fixed length control field | 070227s xx 000 0 eng d |
| 040 ## - CATALOGING SOURCE | |
| Original cataloging agency | KABU |
| Transcribing agency | KABU |
| 050 #0 - LIBRARY OF CONGRESS CALL NUMBER | |
| Classification number | DT433.252 |
| Item number | .A84 |
| 100 1# - MAIN ENTRY--PERSONAL NAME | |
| Personal name | Ashe, Robert P. |
| -- | 0000149786 |
| 245 10 - TITLE STATEMENT | |
| Title | Two kings of Uganda or life by the shores of Victoria Nyanza. |
| 260 ## - PUBLICATION, DISTRIBUTION, ETC. (IMPRINT) | |
| Place of publication, distribution, etc. | London : |
| Name of publisher, distributor, etc. | Sampson Low, |
| Date of publication, distribution, etc. | 1890. |
| 300 ## - PHYSICAL DESCRIPTION | |
| Extent | 291 p. |
| 600 10 - SUBJECT ADDED ENTRY--PERSONAL NAME | |
| Personal name | Mutesa, King of Buganda, |
| Dates associated with a name | 1884. |
| -- | 0000149787 |
| 600 10 - SUBJECT ADDED ENTRY--PERSONAL NAME | |
| Personal name | Mwanga, King of Buganda, |
| Dates associated with a name | 1903. |
| -- | 0000149788 |
| 908 ## - PUT COMMAND PARAMETER (RLIN) | |
| Put command parameter | 070227 |
| 950 ## - LOCAL HOLDINGS (RLIN) | |
| -- | 1 |
| Withdrawn status | Lost status | Source of classification or shelving scheme | Not for loan | Home library | Current library | Date acquired | Total Checkouts | Full call number | Barcode | Date last seen | Price effective from | Koha item type |
|---|---|---|---|---|---|---|---|---|---|---|---|---|
| Library of Congress Classification | Kabarak, Main Campus | Kabarak, Main Campus | 17/12/2015 | DT433.252 .A84 | 006529 | 17/12/2015 | 17/12/2015 | Africana Collection |